| 000 | 00757nam a22002177a 4500 | ||
|---|---|---|---|
| 003 | UA-OsUOA | ||
| 001 | 73146 | ||
| 007 | ta | ||
| 008 | 20110214b un ||||| |||| 00| 0 ukr d | ||
| 100 | _aПіпаш В. | ||
| 090 |
_a94(477) _bП36 |
||
| 942 | _cSA | ||
| 040 |
_aUA-OsUOA _bukr _cUA-OsUOA _dUA-OsUOA |
||
| 245 | _aУкраїнський чин Закарпаття. Українське націоналістичне підпілля на Закарпатті у роки Другої світової війни та опісля її офіційного закінчення | ||
| 300 | _aС.6-7 | ||
| 955 | _a0 | ||
| 041 | _aukr | ||
| 080 | _a94(477) | ||
| 773 | 0 | _w73145 | |
| 650 | 7 |
_a9 Географія. Біографії. Історія _2UDC |
|
| 999 |
_c359424 _d359424 |
||